Manual de psicología /

Guardado en:
Autor Principal: Guillaume, Paul
Formato: Libro
Publicado: Argentina : Paidos, 1974
Edición:7a. ed.
Materias:
Etiquetas: Agregar Etiqueta
Sin Etiquetas, Sea el primero en etiquetar este registro!
LEADER 00958nam a22002055a 4500
001 CEM.cems003071
005 19000101000000.0
008 130507s1974##################000#0#####d
003 CEMS
082 0 4 |a 150.2 
100 1 |a Guillaume, Paul 
245 1 0 |a Manual de psicología /  |c Paul Guillaume 
250 |a 7a. ed. 
260 |a Argentina :  |b Paidos,  |c 1974 
300 |a 359 p. 
505 0 |a Relaciones entre padres e hijos;tensiones entre padres e hijos;la aceptacion del hijo;el rechazo del hijo;la sobre proteccion del hijo; las relaciones economicas;relalciones entre padres y maestros;relaciones entre hermanos;revalidad fraterna;los hogares quebrantados y la asistencia familiar;el divorcio;ninos desamparados;la adopcion y los hogares adoptivos; las asistencia familiar;el sistema Mooseheart. 
653 |a Conciencia-psicologia 
653 |a Inteligencia 
653 |a Psicologia-manuales 
859 |a CEMS  |b BIB. CEMS - 11 de abril  |h 150.2  |i G944a7/2  |p 12177.83  |t Ej.1